| 000 | 00722nam a22002177a 4500 | ||
|---|---|---|---|
| 003 | OSt | ||
| 005 | 20230726101612.0 | ||
| 008 | 221006b |||||||| |||| 00| 0 eng d | ||
| 040 | _cBiblioteca Lado V | ||
| 082 |
_a708 _bC456r |
||
| 100 |
_9914 _aChang, Eduardo _eautora |
||
| 245 | _aResidente Permanente por Vinculo/ | ||
| 260 |
_bCentro Cultural de EspaƱa _c2009 _aEl Salvador |
||
| 300 |
_c17x17cm _a26p. |
||
| 366 | _espa | ||
| 650 |
_2Tesauro de Arte & Arquitectura _aARTE _9703 |
||
| 650 |
_2Tesauro de Arte & Arquitectura _aEXPOSICION _9702 |
||
| 650 |
_2Tesauro de Arte & Arquitectura _aCATALOGO |
||
| 651 |
_2Tesauro de Arte & Arquitectura _aEL SALVADOR |
||
| 942 |
_2ddc _c1 _h708 _iC456r _n0 |
||
| 999 |
_c4091 _d4091 |
||